UBT Library

A bold fresh piece of humanity / (Record no. 39080)

000 -LEADER
fixed length control field 00778cam a2200265 a 4500
001 - CONTROL NUMBER
control field 15322534
005 - DATE AND TIME OF LATEST TRANSACTION
control field 20171218073501.0
008 - FIXED-LENGTH DATA ELEMENTS--GENERAL INFORMATION
fixed length control field 080609s2008 nyua 000 0aeng
010 ## - LIBRARY OF CONGRESS CONTROL NUMBER
LC control number 2008025510
020 ## - INTERNATIONAL STANDARD BOOK NUMBER
International Standard Book Number 9780767928823
020 ## - INTERNATIONAL STANDARD BOOK NUMBER
International Standard Book Number 0767928822
035 ## - SYSTEM CONTROL NUMBER
System control number (OCoLC)ocn229432636
035 ## - SYSTEM CONTROL NUMBER
System control number (OCoLC)229432636
040 ## - CATALOGING SOURCE
Original cataloging agency DLC
Transcribing agency DLC
Modifying agency YDXCP
-- BAKER
-- IK2
-- UPZ
-- JTE
-- C#P
-- ZJI
-- VP@
-- CDX
-- DLC
041 ## - LANGUAGE CODE
Language code of text/sound track or separate title eng
043 ## - GEOGRAPHIC AREA CODE
Geographic area code n-us---
080 ## - UNIVERSAL DECIMAL CLASSIFICATION NUMBER
Universal Decimal Classification number 070.92
082 00 - DEWEY DECIMAL CLASSIFICATION NUMBER
Classification number 070.92 O'RE
-- B
Edition number 22
100 1# - Rafti
Rafti 37
101 ## - Shkurtesa
Shkurtesa EDU
245 12 - TITLE STATEMENT
Title A bold fresh piece of humanity /
Statement of responsibility, etc Bill O'Reilly.
906 ## - LOCAL DATA ELEMENT F, LDF (RLIN)
a 7
b cbc
c orignew
d 1
e ecip
f 20
g y-gencatlg
942 ## - ADDED ENTRY ELEMENTS (KOHA)
Source of classification or shelving scheme
Item type Books
Holdings
Withdrawn status Lost status Source of classification or shelving scheme Damaged status Not for loan Collection code Permanent location Current location Shelving location Date acquired Total Checkouts Full call number Barcode Date last seen Price effective from Koha item type
          Koleksioni i përgjithshem UBT - Lipjan UBT - Lipjan Koleksioni i përgjithshem 12/18/2017   070.92 O'RE 002-2939637 12/26/2017 12/18/2017 Books
UBT Library © 2015-2024. All rights reserved University Education for Business and Technology